La resiliencia en el mundo de hoy: cómo superar las adversidades
Saved in:
| Hovedforfatter: | |
|---|---|
| Format: | Bog |
| Sprog: | spansk |
| Udgivet: |
Barcelona
Gedisa
2006
|
| Udgivelse: | 1a. ed |
| Serier: | Colección Psicología Resiliencia
|
| Fag: | |
| Tags: |
Tilføj Tag
Ingen Tags, Vær først til at tagge denne postø!
|
MARC
| LEADER | 00000nam a2200000 a 4500 | ||
|---|---|---|---|
| 001 | UCG2555 | ||
| 003 | CL-VaPUC | ||
| 008 | 100715e20061000SP |||||||||||||||||spa|d | ||
| 020 | |a 8497841387 | ||
| 082 | 0 | 4 | |a 362.5 |b GRO |2 21 |
| 100 | |a Henderson Grotberg, Edith |e author |9 551021 | ||
| 245 | 1 | 3 | |a La resiliencia en el mundo de hoy: cómo superar las adversidades |
| 250 | |a 1a. ed | ||
| 300 | |a 391 p | ||
| 942 | |c BK | ||
| 945 | |d 20100715 00:00:00 |a dcastane | ||
| 260 | |a Barcelona |b Gedisa |c 2006 | ||
| 650 | 0 | |a Trabajo social |9 307856 | |
| 650 | 0 | |a Psicología social |9 222894 | |
| 650 | 0 | |a Desarrollo individual |9 307875 | |
| 650 | 0 | |a Autoestima |9 308492 | |
| 650 | 7 | |a PROGRAMAS SOCIALES |2 CL-VaPUC |9 324718 | |
| 583 | |a last modification |c 20100715 00:00:00 |k Rodrigo Vera | ||
| 490 | 0 | |a Colección Psicología Resiliencia | |
| 999 | |c 341696 |d 341694 | ||
| 952 | |0 0 |1 0 |4 0 |6 362_500000000000000_GRO_2006 |7 0 |8 A |9 437358 |a BIBEDU |b BIBEDU |d 2019-11-22 |i 4694635 |o 362.5 GRO 2006 |p 4694635 |r 2019-11-22 |w 2019-11-22 |y BK |k EPE | ||
| 952 | |0 0 |1 0 |4 0 |6 362_500000000000000_GRO_2006 |7 0 |8 A |9 437359 |a BIBEDU |b BIBEDU |d 2019-11-22 |i 4694643 |o 362.5 GRO 2006 |p 4694643 |r 2019-11-22 |w 2019-11-22 |y BK |k EPE | ||